LEADER 01692nam 2200385Ia 450 001 996397631703316 005 20200824132238.0 035 $a(CKB)4940000000059534 035 $a(EEBO)2240940237 035 $a(OCoLC)ocm15597487e 035 $a(OCoLC)15597487 035 $a(EXLCZ)994940000000059534 100 $a19870427d1684 uy | 101 0 $aeng 135 $aurbn||||a|bb| 200 14$aThe English school-master$b[electronic resource] $eteaching all his scholars, of what age soever, the most easie, short, and perfect order of distinct reading and true writing our English tongue that hath ever yet been known or published by any : and further also, teacheth a direct course how any unskilful person may easily both understand any hard English words which they shall in Scriptures, sermons, or else-where hear or read ... /$fdevised for thy sake that wanteth any part of this skill by Edward Coote .. 205 $aPerused and approved by publick authority, and now the 42th time printed$bwith certain copies to write by added at the end of the book. 210 $aDublin $cPrinted by Andrew Crooke ...$d1684 215 $a[10], 77, [1] p 300 $aReproduction of original in the British Library. 330 $aeebo-0018 606 $aReaders (Primary)$vEarly works to 1800 606 $aEnglish language$yEarly modern, 1500-1700 615 0$aReaders (Primary) 615 0$aEnglish language 700 $aCoote$b Edmund$ffl. 1597.$01012997 801 0$bEAE 801 1$bEAE 801 2$bm/c 801 2$bUMI 801 2$bWaOLN 906 $aBOOK 912 $a996397631703316 996 $aThe English school-master$92354066 997 $aUNISA LEADER 03907nam 22006855 450 001 9910254125503321 005 20200705035007.0 010 $a981-10-1660-7 024 7 $a10.1007/978-981-10-1660-8 035 $a(CKB)3710000000776897 035 $a(DE-He213)978-981-10-1660-8 035 $a(MiAaPQ)EBC4620090 035 $a(PPN)19480237X 035 $a(EXLCZ)993710000000776897 100 $a20160801d2016 u| 0 101 0 $aeng 135 $aurnn|008mamaa 181 $ctxt$2rdacontent 182 $cc$2rdamedia 183 $acr$2rdacarrier 200 10$aEnhancing the Storm Water Treatment Performance of Constructed Wetlands and Bioretention Basins /$fby Isri R. Mangangka, An Liu, Ashantha Goonetilleke, Prasanna Egodawatta 205 $a1st ed. 2016. 210 1$aSingapore :$cSpringer Singapore :$cImprint: Springer,$d2016. 215 $a1 online resource (VIII, 80 p. 30 illus., 26 illus. in color.) 225 1 $aSpringerBriefs in Water Science and Technology,$x2194-7244 311 $a981-10-1659-3 320 $aIncludes bibliographical references at the end of each chapters and index. 327 $aTreatment performance of structural stormwater systems -- Creating conceptual models of treatment systems -- Assessing constructed wetland treatment performance -- Assessing bioretention basin treatment performance -- Implications for engineering practice. 330 $aThis book identifies the key hydrologic and hydraulic factors which influence the performance of stormwater quality treatment systems such as constructed wetlands and bioretention basins. Mathematical relationships derived using conceptual models underpinned by fundamental hydraulic theory are presented to predict treatment performance. The key highlights of the book will include the identification of the linkages between influential hydrologic and hydraulic factors for constructed wetlands and bioretention basins to support more accurate prediction of treatment performance and effective design of these types of stormwater treatment systems. Furthermore, this book will showcase an innovative approach for using conceptual models to analyze stormwater treatment system performance. 410 0$aSpringerBriefs in Water Science and Technology,$x2194-7244 606 $aEngineering geology 606 $aEngineering?Geology 606 $aFoundations 606 $aHydraulics 606 $aHydrology 606 $aWater$xPollution 606 $aGeoengineering, Foundations, Hydraulics$3https://scigraph.springernature.com/ontologies/product-market-codes/T23020 606 $aHydrology/Water Resources$3https://scigraph.springernature.com/ontologies/product-market-codes/211000 606 $aWaste Water Technology / Water Pollution Control / Water Management / Aquatic Pollution$3https://scigraph.springernature.com/ontologies/product-market-codes/U35040 615 0$aEngineering geology. 615 0$aEngineering?Geology. 615 0$aFoundations. 615 0$aHydraulics. 615 0$aHydrology. 615 0$aWater$xPollution. 615 14$aGeoengineering, Foundations, Hydraulics. 615 24$aHydrology/Water Resources. 615 24$aWaste Water Technology / Water Pollution Control / Water Management / Aquatic Pollution. 676 $a551.488 700 $aMangangka$b Isri R$4aut$4http://id.loc.gov/vocabulary/relators/aut$01060292 702 $aLiu$b An$4aut$4http://id.loc.gov/vocabulary/relators/aut 702 $aGoonetilleke$b Ashantha$4aut$4http://id.loc.gov/vocabulary/relators/aut 702 $aEgodawatta$b Prasanna$4aut$4http://id.loc.gov/vocabulary/relators/aut 801 0$bMiAaPQ 801 1$bMiAaPQ 801 2$bMiAaPQ 906 $aBOOK 912 $a9910254125503321 996 $aEnhancing the Storm Water Treatment Performance of Constructed Wetlands and Bioretention Basins$92512293 997 $aUNINA